Načítá se...
The RSS :
| Hlavní autor: | |
|---|---|
| Další autoři: | |
| Médium: | Printed Book |
| Vydáno: |
USA
Penguin viking
2018
|
| LEADER | 00486cam a2200145 i 4500 | ||
|---|---|---|---|
| 999 | |c 58030 |d 58030 | ||
| 020 | |a 9780670089147 | ||
| 082 | |a 954.052 |b AND/R | ||
| 100 | 1 | |a Andersen, Walter K. | |
| 245 | 1 | 4 | |a The RSS : |
| 260 | |a USA |b Penguin viking |c 2018 | ||
| 300 | |a xxiv, 405 pages ; | ||
| 700 | 1 | |a Damle, Shridhar D., | |
| 942 | |c BK | ||
| 952 | |0 0 |1 0 |4 0 |6 954_052000000000000_AND_R |7 0 |9 65068 |a KUCL |b KUCL |c Stack |d 2019-09-03 |g 699.00 |l 2 |o 954.052 AND/R |p 47855 |q 2020-11-16 |r 2020-10-14 |s 2020-10-14 |w 2019-09-03 |y BK | ||